|
|
|
|
| LEADER |
00000nab a2200000uu 4500 |
| 001 |
vtls011453952 |
| 003 |
SK-MaSNL |
| 005 |
20260304031708.0 |
| 008 |
230121|1967 xo |||||||||||||||||slo| |
| 015 |
|
|
|a SNBRB
|
| 035 |
|
|
|a (urnnbn)urn:nbn:sk:snk:ar-008204
|
| 035 |
|
|
|a (uuid)6b49ca48-68e9-471f-b27f-219c3e11ab30
|
| 035 |
|
|
|a urn:nbn:sk:snk-abcpc7
|
| 040 |
|
|
|a SNKBUCL
|b slo
|c SNKBUCL
|e AACR2
|
| 041 |
0 |
|
|a slo
|
| 044 |
|
|
|a xo
|c SK
|
| 100 |
1 |
|
|a Melicherčík, Tibor
|4 aut
|9 469624
|
| 245 |
1 |
0 |
|a POJAZDNÁ LEKÁREŇ
|c T. Melicherčík, D. Izák
|
| 700 |
1 |
|
|a Izák, D.
|4 aut
|9 1125363
|
| 773 |
0 |
|
|t Farmaceutický obzor : odborný časopis Ministerstva zdravotníctva Slovenskej republiky a Slovenskej zdravotníckej univerzity v Bratislave
|g Roč. 36, č. 7 (1967), s. 311-316
|
| 958 |
|
|
|a OND
|
| 958 |
|
|
|a EUIPO
|
| 958 |
|
|
|a article16
|
| 999 |
|
|
|c 2639409
|d 2641339
|